| 000 | 01565nam a22003857a 4500 | ||
|---|---|---|---|
| 003 | CHAP | ||
| 005 | 20220329143838.0 | ||
| 008 | 111214s2011 mx r 00010 spa d | ||
| 010 | _a102687 | ||
| 011 | _a103659 | ||
| 035 | _a114348 | ||
| 040 | _cCHAP | ||
| 090 | _aTesis | ||
| 100 | 1 |
_aLorenzana Luna, Genaro _968531 |
|
| 245 | 1 | 0 |
_aDiagnóstico y propuesta de medidas operativas para el mejoramiento de la calidad de los productos en una quesería chiapaneca _h[En línea] _c/por Genaro Lorenzana Luna |
| 260 |
_aChapingo, Méx. : _bEl autor, _c2011 |
||
| 500 | _aPara ver el contenido del material haga clic en la liga | ||
| 502 | _aTesis (Ing. Agroindustrial) -- UACH. Departamento de Ingeniería Agroindustrial | ||
| 590 |
_aALEPH _b10 _c20130110 _lUCH01 _h1543 |
||
| 590 |
_aBATCH-UPD _b10 _c20130110 _lUCH01 _h0921 |
||
| 590 |
_aBATCH-UPD _b10 _c20130410 _lUCH01 _h0543 |
||
| 590 |
_aBATCH-UPD _b10 _c20130914 _lUCH01 _h1302 |
||
| 590 |
_aBATCH-UPD _b10 _c20140324 _lUCH01 _h1529 |
||
| 590 |
_aBATCH-UPD _b10 _c20141002 _lUCH01 _h0852 |
||
| 590 |
_aCONVERSION _b10 _c20130109 _lUCH01 _h1357 |
||
| 650 | 1 | 4 |
_aEmpresas _xChiapas. _936638 |
| 650 | 1 | 4 |
_aProductos lácteos _xNormas de calidad. _992147 |
| 650 | 1 | 4 |
_aProductos lácteos _xProcesado. _992149 |
| 650 | 1 | 4 |
_aQueso _xCalidad. _993225 |
| 856 |
_3Finding aid _uhttp://10.13.5.2/tesis/114348.pdf _zTeclea aqui |
||
| 901 | _aBK | ||
| 942 | _cFOLL | ||
| 949 |
_aTesis _bBC _cTES _d33724002314355 _eTS1 _gDonaciØn _h53159 _i114348 _st |
||
| 949 |
_aTesis _bBC _cTES _d33724002314397 _eTS2 _fc.2 _gDonaciØn _h53160 _i114348 _st |
||
| 999 |
_c102687 _d102687 |
||